000 00162 a2200085 4500
041 _aspa
100 _aAnonimo
245 _aHistoria y cultura de granada
942 _cBK
999 _c9852
_d9852